000 00937cam a2200313 a 4500
001 115013
005 20230410130529.0
008 120529s2013 nyu b 001 0 eng
035 _a17322728
010 _a 2012021165
020 _a9781400069750 (acid-free paper)
040 _aDLC
_cDLC
050 1 4 _aPN 145
_bK46g 2013
082 0 0 _a808.02
100 1 _aKidder, Tracy.
245 1 0 _aGood prose :
_bthe art of nonfiction /
_cTracy Kidder and Richard Todd.
250 _a1st ed.
260 _aNew York :
_bRandom House,
_cc2013.
300 _axix, 195 p. ;
_c25 cm.
504 _aIncludes bibliographical references and index.
650 0 _aAuthorship.
650 0 _aProse literature
_xAuthorship.
650 0 _aCreative nonfiction
_xAuthorship.
650 4 _aAutoría.
650 4 _aProsa literatura
_xAutoria.
650 4 _aCreativo de no ficción
_xAutoría.
700 1 _aTodd, Richard,
_d1949-
942 _2lcc
_cbk
999 _c75622
_d75622